000 00966mam a22003131 4500
001 2010917
003 ARRUPE
005 20161007113650.0
008 701012s1968 nyua b 001 0 eng
010 _a 68022321
035 _a(OCoLC)335391
035 _a(OCoLC)ocm00335391
035 _a(NNC)2010917
040 _dNNC
_cArrupe
050 0 _aND653.R4
_bW27 1968
082 0 0 _a760/.0924
100 1 _aWallace, Robert,
_d1919-
_926558
245 1 4 _aThe world of Rembrandt, 1606-1669,
_cby Robert Wallace and the editors of Time-Life Books.
260 _aNew York,
_bTime-Life Books
_c[1968]
300 _a188 p.
_billus. (part col.)
_c31 cm.
490 1 _aTime-Life library of art
500 _aIssued in a case.
504 _aBibliography: p. 183.
600 0 0 _aRembrandt Harmenszoon van Rijn,
_d1606-1669.
_926583
710 2 _aTime-Life Books.
_926560
830 0 _aTime-Life library of art.
_926561
942 _2lcc
_cMONOGRAPH
999 _c125461
_d125461